Pride Of India Volume 3 (Record no. 365496)

MARC details
000 -LEADER
fixed length control field 00350 a2200145 4500
005 - DATE AND TIME OF LATEST TRANSACTION
control field 20250717124643.0
008 - FIXED-LENGTH DATA ELEMENTS--GENERAL INFORMATION
fixed length control field 250717b |||||||| |||| 00| 0 eng d
020 ## - INTERNATIONAL STANDARD BOOK NUMBER
International Standard Book Number 9789361562341
041 ## - LANGUAGE CODE
Language code of text/sound track or separate title English
100 ## - MAIN ENTRY--PERSONAL NAME
Author Nani P.
245 ## - TITLE STATEMENT
Title Pride Of India Volume 3
260 ## - PUBLICATION, DISTRIBUTION, ETC.
Name of publisher, distributor, etc. Rupa Publications India
Date of publication, distribution, etc. 2024
300 ## - PHYSICAL DESCRIPTION
Extent 128
942 ## - ADDED ENTRY ELEMENTS (KOHA)
Koha item type Books
Holdings
Withdrawn status Lost status Source of classification or shelving scheme Damaged status Not for loan Home library Current library Date acquired Vendor Net Price Total Checkouts Full call number Barcode Date last seen Actual Price Bill Date Koha item type
    Dewey Decimal Classification     Cummins College of Engineering for Women Pune Cummins College of Engineering for Women Pune 12/03/2025 115 221.25   823.92 NAN CCEP-BK-68639 12/03/2025 295.00 12/03/2025 Books